000 01602nam a2200253 a 4500
090 _aIAVH
_b00765 CD-1
041 _aspa
100 _aAlmenteras, Dolors
_992554
110 _bCorporación Autónoma Regional del Valle
_992555
245 _aAnálisis de la representatividad e identificación de vacíos de conservación y alternativas para el SINAP del departamento del Valle del Cauca
_bfase II
260 _aCali
_bInstituto Alexander von Humboldt
_c2002
300 _a53 p.
520 _aSe establece un sistema de evaluación del estado de conservación, amenaza y de prioridades de conservación de los ecosistemas naturales que aporta información para la toma de decisiones en gestión ambiental. Se elaboraron mapas de ecosistemas naturales del Valle del Cauca, se modeló retrospectivamente la distribución original de los ecosistemas naturales del Valle del Cauca previa a la influencia humana. Se modeló la distribuciòn de especies seleccionadas de aves y plantas identificando los centros de riqueza y endemismos. Se analizó la presión de la población sobre los ecosistemas naturales remanentes.
650 _aBiodiversidad
_992204
650 _aConservación
_992401
650 _aEspecies amenazadas
_9157
650 _aActividad humana
_992556
650 _aSistema Nacional de Areas Protegidas
_992557
662 _aColombia
_bValle del Cauca
700 _aRodríguez, Nelly
_92387
700 _aRomero, Milton
_94469
700 _aMorales, Mónica
_92695
773 0 _05986
_99704
_a
_b
_dBogotá Informatica documental 2007
_o024802
_tInformes de investigaciones IAVH en PDF
_w
_x
_z
999 _c6050
_d6050